| 000 | 00760nam a2200229 a 4500 | ||
|---|---|---|---|
| 001 | |||
| 003 | DO-SdBNP | ||
| 005 | 20230327122300.0 | ||
| 008 | 090703s1996 dr 000 0 spa d | ||
| 020 | _a9768156082 | ||
| 040 |
_aDO-SdBNP _bspa _cBPMSU |
||
| 082 | 4 |
_aR920.97293 _bN714p 1996 _222 |
|
| 100 | 1 | _aNina, Juan B. | |
| 245 | 1 | 0 |
_aAnotaciones biográficas de San Cristóbal / _cJuan B. Nina. |
| 260 |
_aSanto Domingo : _bLibrería la Trinitaria _c1996 |
||
| 300 |
_a1996 p. ; _c21 cm. |
||
| 650 | 4 |
_aPolíticos _zSan Cristóbal (República Dominicana) _vBiografías |
|
| 650 | 4 |
_aMédicos _zSan Cristóbal (República Dominicana) _vBiografías |
|
| 650 | 4 |
_aEscritores _zSan Cristóbal (República Dominicana) _vBiografías |
|
| 910 | _aVMateo V. | ||
| 942 |
_2ddc _cBK |
||
| 999 |
_c12902 _d12902 |
||